Os Capixabas holandeses: (Registro n. 654)

Detalhes MARC
000 -LÍDER
campo de controle de tamanho fixo 01151nam a22002897a 4500
003 - IDENTIFICADOR DO NÚMERO DE CONTROLE
campo de controle BR-ViAPE
005 - DATA E HORÁRIO DA ÚLTIMA TRANSAÇÃO
campo de controle 20260514105344.0
008 - CAMPO DE DADOS FIXOS--INFORMAÇÃO GERAL
campo de controle de tamanho fixo 260513s2008 porabcogs|||| 001 0 por d
020 ## - ISBN - INTERNATIONAL STANDARD BOOK NUMBER
Informação qualificadora 978-90-8788-055-2
040 ## - FONTE DA CATALOGAÇÃO
Instituição que transcreveu o registro BR-ViAPE
245 ## - TÍTULO
Título Os Capixabas holandeses:
Restante do título uma história holandesa no Brasil
246 ## - FORMA VARIANTE DO TÍTULO
Título/título abreviado Op een dag zullen ze ons vinden
250 ## - EDIÇÃO
Complemento da informação de edição edição comemorativa aos 150 anos da imigração holandesa no Espírito Santo
260 ## - PUBLICAÇÃO, DISTRIBUIÇÃO, ETC.
Local de publicação, distribuição, etc. Vitória
Nome do editor, distribuidor, etc. Arquivo Público do Estado do Espírito Santo
300 ## - DESCRIÇÃO FÍSICA
Extensão 160 p.
Outros detalhes físicos il.
300 ## - DESCRIÇÃO FÍSICA
Outros detalhes físicos Livro disponível em PDF
490 ## - TÍTULO DA SÉRIE
Título da série Coleção Canaã
Número do volume ou designação sequencial da série v. 9
500 ## - NOTA GERAL
Nota geral Obra disponibilizada em PDF por integrar a Coleção Canaã do APEES.
650 ## - ASSUNTO--TERMO TÓPICO
Cabeçalho tópico ou nome geográfico Imigração
Subdivisão geral Holandeses
Subdivisão geográfica Espírito Santo (Brasil)
651 ## - ASSUNTO—LOCAIS GEOGRÁFICOS E HISTÓRICOS
Nome geográfico Espírito Santo (Brasil)
700 ## - ENTRADA ADICIONADA - NOME PESSOAL
Nome pessoal Roos, Ton
Função do autor por extenso autor
700 ## - ENTRADA ADICIONADA - NOME PESSOAL
Nome pessoal Eshuis, Margje
Função do autor por extenso autora
700 ## - ENTRADA ADICIONADA - NOME PESSOAL
Nome pessoal Berger, Ruth Stefanie
Função do autor por extenso tradutora
710 ## - ENTRADA ADICIONADA - NOME DA EMPRESA
Nome corporativo ou nome da jurisdição Arquivo Público do Estado do Espírito Santo
856 ## - LOCALIZAÇÃO ELETRÔNICA E ACESSO
Uniform Resource Identifier <a href="https://ape.es.gov.br/Media/ape/PDF/Livros/Os_Capixabas_Holandeses_portugues.pdf">https://ape.es.gov.br/Media/ape/PDF/Livros/Os_Capixabas_Holandeses_portugues.pdf</a>
Texto de ligação CLIQUE AQUI PARA ACESSAR O DOCUMENTO
942 ## - ELEMENTOS DE ENTRADA ADICIONADOS (KOHA)
Fonte da classificação ou esquema de arquivamento na estante Dewey Decimal Classification
Tipo de material Koha Livros
Ocultar no OPAC Yes
Exemplares
Status de descarte Fonte da classificação ou esquema de arquivamento na estante Status físico Não pode ser emprestado Biblioteca de origem Biblioteca atual Data de aquisição Total de empréstimos Data de último acesso Preço efetivo de Tipo de material Koha
  Dewey Decimal Classification     Biblioteca do Arquivo Público do Estado do Espírito Santo Biblioteca do Arquivo Público do Estado do Espírito Santo 05/13/2026   05/13/2026 05/13/2026 Livros